Statistics for One Club Players

Click here to take the quiz!

General Stats

  • This quiz has been taken 44 times
  • The average score is 11 of 15

Answer Stats

PositionPlaying CareerClubNationAnswer% Correct
CM1994-Manchester UnitedEnglandPaul Scholes
95%
LM1990-Manchester UnitedWalesRyan Giggs
95%
CM1998-BarcelonaSpainXavi Hernandez
95%
CM2002-BarcelonaSpainAndres Iniesta
89%
RB1992-2011Manchester UnitedEnglandGary Neville
89%
CM1998-LiverpoolEnglandSteven Gerrard
89%
GK1999-Real MadridSpainIker Casillas
84%
CB1996-LiverpoolEnglandJamie Carragher
81%
CM2002-Bayern MunichGermanyBastian Schweinsteiger
70%
CB1983-2002ArsenalEnglandTony Adams
70%
CAM1986-2002SouthamptonEnglandMatthew Le Tissier
65%
CB1998-2012Tottenham HotspurEnglandLedley King
62%
CB2000-EvertonEnglandTony Hibbert
46%
CF1939-1960Bolton WanderersEnglandNat Lofthouse
19%
CB1952-1973Leeds UnitedEnglandJack Charlton
16%

Score Distribution

Percentile by Number Answered

Percent of People with Each Score

Your Score History

You have not taken this quiz